000 00634nam a2200193Ia 4500
003 GCL
008 140319s9999 xx 000 0 ara d
040 _aGCL /
_cGCL
082 0 4 _a152
_bم ع
100 1 _aمجدى احمد محمد عبدالله
245 1 0 _aعلم النفس التجريبيى بين النظرية والتطبيق /
_cمجدى احمد محمد عبدالله
300 _a315 ص
490 _aكتاب
_v0
650 0 4 _aعلم النفس التطبيقى
650 0 4 _aعلم النفس التجريبى
650 0 4 _aالانتباه
650 0 4 _aعلم النفس الوظيفى
942 _2ddc
_cBK
999 _c42983
_d42983